| 000 | 00475nam a2200181 a 4500 | ||
|---|---|---|---|
| 001 | 1768117515656 | ||
| 003 | YourLibrary | ||
| 005 | 20260112125814.0 | ||
| 008 | 260111s2007##################000#0#eng## | ||
| 020 | _a9781844571468 | ||
| 082 | 0 | 4 |
_a302.2343 _bQUY |
| 100 | 1 |
_aQuy, Symon, _eauthor. |
|
| 245 | 1 | 0 | _aTeaching Short Films : |
| 260 |
_bBritish Film Institute, _c2007. |
||
| 650 | 0 | _aPerforming Arts. | |
| 942 | _cENGLISH | ||
| 040 |
_aYourLibrary _beng _cYourLibrary |
||
| 999 |
_c608260 _d608260 |
||